000 006680000a22002530004500
003 LK-CoMWRAF
005 20231006094146.0
008 230817t ||||| |||| 00| 0 eng d
020 _a0892590165
040 _aLK-CoMWRAF
_dLK-CoMWRAF
_eLK-CoMWRAF
041 _aeng
082 _a297.4
_bALQ
100 _aAl-Qaradawi, Yusuf
245 _aThe Lawful and the prohibited in Islam :
_bAl-halal wal haram fil Islam
250 _a1st. Rdition
260 _aIndinapolis :
_bAmerican Trust,
300 _a355p
650 _aHalal
650 _aHaram
650 _aIslam
650 _aReligious life - Islam
700 _aEl-Helbawy, Kamal
_etrans.
942 _cBK
999 _c3172
_d3172